Statistics for Top Ten football/soccer players of all time

Click here to take the quiz!

General Stats

  • This quiz has been taken 22 times
  • The average score is 1 of 11

Answer Stats

HintAnswer% Correct
5Zinedine Zidane
67%
6Emile Heskey
17%
3Hulk
17%
11Jimmy Rodriguez
8%
4John Terry
8%
9Pele
8%
7Felipe Luis
0%
2Jose Mourinho
0%
8Luis Gustavo
0%
1Ramires
0%
10Tim Cahill
0%

Score Distribution

Percentile by Number Answered

Percent of People with Each Score

Your Score History

You have not taken this quiz